| Tag |
First Indicator |
Second Indicator |
Subfields |
| LEADER |
00000cam a2200000 a 4500 |
| 001 |
in00000069883 |
| 005 |
20151008055908.0 |
| 008 |
820115c19801981enk b 00010 eng |
| 010 |
|
|
|a 81189247
|
| 015 |
|
|
|a GB***
|
| 020 |
|
|
|a 0080257291
|
| 035 |
|
|
|a (OCoLC)08132005
|
| 035 |
|
|
|9 AAJ4664AM
|
| 039 |
0 |
|
|a 2
|b 3
|c 3
|d 3
|e 3
|
| 040 |
|
|
|a DLC
|c DLC
|d TXA
|d UtOrBLW
|
| 049 |
|
|
|a TXAM
|c [1804908]
|
| 050 |
0 |
0 |
|a B2948
|b .E34 1980
|
| 082 |
0 |
|
|a 193
|2 19
|
| 100 |
1 |
|
|a Elder, Crawford.
|
| 245 |
1 |
0 |
|a Appropriating Hegel /
|c Crawford Elder.
|
| 264 |
|
1 |
|a [Aberdeen?] :
|b Aberdeen University Press,
|c 1980
|
| 264 |
|
4 |
|c ©1981
|
| 300 |
|
|
|a xx, 65 pages, 2 unnumbered pages ;
|c 22 cm.
|
| 336 |
|
|
|a text
|b txt
|2 rdacontent
|
| 337 |
|
|
|a unmediated
|b n
|2 rdamedia
|
| 338 |
|
|
|a volume
|b nc
|2 rdacarrier
|
| 490 |
1 |
|
|a Scots philosophical monographs,
|x 0144-3062 ;
|v no. 3
|
| 504 |
|
|
|a Bibliography: page [67].
|
| 600 |
1 |
0 |
|a Hegel, Georg Wilhelm Friedrich,
|d 1770-1831.
|
| 830 |
|
0 |
|a Scots philosophical monographs ;
|v no. 3.
|
| 999 |
|
|
|a MARS
|
| 999 |
f |
f |
|s e29e342d-7c26-3f45-9963-a6993c0f5436
|i cf5e6b8f-deb2-3198-8842-edb30bf8b9a0
|t 0
|
| 952 |
f |
f |
|p ric
|a Texas A&M University
|b Rellis Campus
|c Joint Library Facility
|d Remote Storage
|t 0
|e B2948 .E34 1980
|h Library of Congress classification
|i unmediated -- volume
|m A14806083223
|
| 998 |
f |
f |
|a B2948 .E34 1980
|t 0
|l Remote Storage
|